| 000 | 00878nam a2200229Ia 4500 | ||
|---|---|---|---|
| 003 | OSt | ||
| 005 | 20210108173311.0 | ||
| 008 | 191128s2003 ck fr 000 0 spa d | ||
| 040 |
_aCO-JMCR _cCO-JMCR |
||
| 041 | 0 | _aspa | |
| 082 | 0 | 4 |
_a341.765 / _bP259d _223 |
| 100 | 1 |
_aParra Vera, Oscar, _eautor _98056 |
|
| 245 | 1 | 3 |
_aEl derecho a la salud : _ben la constitución la jurisprudencia y los instrumentos internacionales / _cOscar Parra Vera |
| 260 |
_aBogotá : _bDefensoría del pueblo, _c2003 |
||
| 300 |
_a417 páginas ; _c24 cm. |
||
| 500 | _aIncluye notas a pie de página. | ||
| 505 | 0 | _aLa disponibilidad de la salud -- El acceso a la salud -- La aceptabilidad de la salud -- La calidad de la salud | |
| 650 | 1 | 4 |
_aDerecho internacional Salud _98057 |
| 650 | 1 | 4 |
_aGarantías constitucionales _92578 |
| 650 | 1 | 4 |
_aAtención primaria de la salud _98058 |
| 942 |
_2ddc _cBK |
||
| 999 |
_c5886 _d5886 |
||